000 01058nam a22003257a 4500
003 CHAP
005 20220329141518.0
008 971013s1986 r 00010 d
010 _a69347
011 _a70319
035 _a79800
040 _cCHAP
100 0 0 _aMolina Moreno, Juan Celestino.
_977374
245 _aAvaliacao de testes de vigor em sementes de milho e suas relacoes com a emergencia a campo
260 _aPelotas :
_bEl autor,
_c1986
300 _a76 h.
500 _a34-1
500 _aDissertacao (Mestre em tecnología de Sementes) -- Universidade Federale de Pelotas
590 _aBATCH-UPD
_b10
_c20130110
_lUCH01
_h0521
590 _aBATCH-UPD
_b10
_c20130110
_lUCH01
_h2159
590 _aBATCH-UPD
_b10
_c20130410
_lUCH01
_h0200
590 _aBATCH-UPD
_b10
_c20130914
_lUCH01
_h1541
590 _aCONVERSION
_b10
_c20130109
_lUCH01
_h1338
650 1 4 _aGerminación.
_947755
650 1 4 _aMijo
_xSemilla.
_975660
650 1 4 _aSemillas
_xVigor.
_9103934
901 _aBK
942 _cTESIS
949 _bBC
_cTES
_d-32690
_eTS1
_i79800
_si
999 _c69347
_d69347